| 000 | 00957cam a2200301 4500 | ||
|---|---|---|---|
| 999 |
_c23590 _d23590 |
||
| 001 | vtls012020501 | ||
| 005 | 20240710090633.0 | ||
| 008 | 210331s2021 xo gr 010 f slo | ||
| 020 |
_a9788055171494 _q(viazané) _z9788055173832 |
||
| 040 |
_aTVZK _bslo _dTVZK _dSNK _erda _csk |
||
| 041 | 1 |
_aslo _heng |
|
| 044 |
_axo _cSK |
||
| 072 | 7 |
_a821.111(73)-3 _xAmerická próza _2konspekt |
|
| 080 |
_a821.111(73)-31 _22001 |
||
| 100 | 1 |
_aStein, Garth, _d1964- _4aut _93939 |
|
| 240 | 1 | 4 |
_aThe Art of Racing in the Rain _lSlovensky |
| 245 | 1 | 0 |
_aUmenie pretekať v daždi _cGarth Stein ; preložila Mária Kočanová |
| 250 | _aPrvé vydanie | ||
| 264 | 1 |
_aBratislava _bIkar _c2021 |
|
| 300 |
_a302 strán _c21 cm |
||
| 336 |
_atext _btxt _2rdacontent |
||
| 337 |
_abez média _bn _2rdamedia |
||
| 338 |
_azväzok _bnc _2rdacarrier |
||
| 655 | 7 |
_aamerické romány _2SNKPH _92 |
|
| 700 | 1 |
_aKočanová, Mária, _d1955- _4trl _92151 |
|
| 958 | _aLX | ||
| 958 | _aUP | ||